Pagani Models by Picture - Statistics

General Stats
  • This quiz has been taken 266 times
    265 since last reset
  • The average score is 5 of 9
Answer Stats
Picture Answer % Correct
Zonda R
90%
Huayra
88%
Huayra BC
60%
Zonda F
51%
Huayra Roadster
50%
Imola
43%
Zonda Cinque Roadster
39%
Huayra BC Roadster
38%
Zonda C12
38%
No matching quizzes found
Score Distribution
Percent of People with Each Score
Percentile by Number Answered
Your Score History
You have not taken this quiz since the last reset